| Tag |
First Indicator |
Second Indicator |
Subfields |
| LEADER |
00000cam a2200000 i 4500 |
| 001 |
in00001613021 |
| 005 |
20151023060651.0 |
| 008 |
790129s1979 dcua s f000 0 eng |
| 010 |
|
|
|a 79000947
|
| 016 |
7 |
|
|a 7903980
|2 DNLM
|
| 035 |
|
|
|a (OCoLC)ocm04664600
|
| 040 |
|
|
|a DLC
|c DLC
|d MBU
|d NLM
|d OCL
|d EL$
|d TXA
|d UtOrBLW
|
| 049 |
|
|
|a TXAM
|
| 050 |
1 |
0 |
|a HA203
|b .A218 no. 79
|a HA155
|
| 060 |
0 |
0 |
|a W2 A
|b B9cue no.79 1979
|
| 082 |
0 |
0 |
|a 312/.0973 s
|a 312/.8
|
| 086 |
0 |
|
|a C 3.186:P-23/79
|
| 110 |
1 |
|
|a United States.
|b Bureau of the Census.
|
| 245 |
1 |
0 |
|a Illustrative projections of world populations to the 21st century.
|
| 264 |
|
1 |
|a Washington :
|b U.S. Dept. of Commerce, Bureau of the Census,
|c 1979.
|
| 300 |
|
|
|a ix, 116 pages :
|b illustrations ;
|c 28 cm.
|
| 336 |
|
|
|a text
|b txt
|2 rdacontent
|
| 337 |
|
|
|a unmediated
|b n
|2 rdamedia
|
| 338 |
|
|
|a volume
|b nc
|2 rdacarrier
|
| 490 |
1 |
|
|a Its Current population reports: special studies. Series P-23 ;
|v no. 79
|
| 650 |
|
0 |
|a Population
|v Statistics.
|
| 650 |
|
0 |
|a Vital statistics.
|
| 650 |
|
0 |
|a Population forecasting.
|
| 650 |
|
2 |
|a Population
|v tables.
|
| 650 |
|
2 |
|a Population Dynamics
|v tables.
|
| 650 |
|
2 |
|a Population Growth
|v tables.
|
| 650 |
|
4 |
|a Estadística vital.
|
| 650 |
|
4 |
|a Población
|x Prónosticos.
|
| 830 |
|
0 |
|a Current population reports.
|n Series P-23,
|p Special studies ;
|v no. 79.
|
| 994 |
|
|
|a E0
|b TXA
|
| 999 |
|
|
|a MARS
|
| 999 |
f |
f |
|s 541db122-1a06-3ffe-96f9-34a465a493fc
|i 058de916-6cdb-3103-82a8-6d950860867e
|t 0
|
| 952 |
f |
f |
|p normal
|a Texas A&M University
|b College Station
|c Sterling C. Evans Library
|d Evans: US Documents (Annex 5th floor)
|t 0
|e C 3.186:P-23/79
|h Superintendent of Documents classification
|i unmediated -- volume
|m A14817821757
|
| 998 |
f |
f |
|a C 3.186:P-23/79
|t 0
|l Evans: US Documents (Annex 5th floor)
|